Boston College Journal of Law & Social Justice

Detalles Bibliográficos
Formato: Revista
Lenguaje:inglés
Publicado: Boston, MA : Boston College School of Law, 1981-
Materias:
Acceso en línea:http://www.vlex.com/source/7164

MARC

LEADER 00000nas a22000007a 4500
005 20130314161931.0
007 cr|||| ||||
008 130314c19819999xxufr|p s|||| 0|||a1eng d
022 |a 21655235  
035 |a 7164 
040 |a vLex 
090 |c 3915  |d 3915 
245 0 0 |a Boston College Journal of Law & Social Justice  |h [Recurso electrn̤ico] 
256 |a Servicio en ln̕ea 
260 |a Boston, MA :  |b Boston College School of Law,  |c 1981- 
300 |a 1 Recurso electrn̤ico 
506 |d vLex Global  |d vLex Global (Academic Edition, excluding Law Schools)  |d vLex Global (U.S. Academic Edition, Law Schools)  |d vLex Global (U.S. Academic Edition, excluding Law Schools)  |d vLex Global (Academic Edition, Law Schools) 
650 0 4 |a Derecho laboral y Seguridad Social  |v Revistas  |z Estados Unidos 
740 |a vLex Revistas (Servicio en ln̕ea) 
856 |a Acceso restringido  |u http://www.vlex.com/source/7164 
942 |c REV 
999 0 |a Labor law and legislation